| 000 | 00348cam a22001217a 4500 | ||
|---|---|---|---|
| 008 | 180718b1989 xxu||||| |||| 00| 0 eng d | ||
| 082 | _aY4x54 Si64 | ||
| 245 |
_aProblem of wasteland and forest ecology in India _cedited by Pramod Singh |
||
| 260 |
_aNew Delhi _bAshish _c1989 |
||
| 300 | _a439p. | ||
| 650 | _aForests - India | ||
| 700 | _aPramod Singh | ||
| 999 |
_c353362 _d353362 |
||